logo

Bir Sreshtho Munshi Abdur Rouf Library
Jhenaidah Cadet College

উচ্চ মাধ্যমিক বাংলা প্রবন্ধ বিচিন্তা : (Record no. 9067)

MARC details
000 -LEADER
fixed length control field 00740nam a2200217 a 4500
001 - CONTROL NUMBER
JCCL Control Number 9067
003 - CONTROL NUMBER IDENTIFIER
JCCL marc code BD-JhCC
005 - DATE AND TIME OF LATEST TRANSACTION
control field 20180308110843.0
008 - FIXED-LENGTH DATA ELEMENTS--GENERAL INFORMATION
fixed length control field 180308s1995 bg a|||| ||a| 000 0 ben d
035 ## - SYSTEM CONTROL NUMBER
system control number (BD-JhCC)9067
040 ## - CATALOGING SOURCE
Original cataloging agency BD-JhCC
Modifying agency BD-JhCC
041 ## - LANGUAGE CODE
Language code of Book ben
082 ## - DEWEY DECIMAL CLASSIFICATION NUMBER
Classification number 491.444
Author mark and Year ACH 1995
100 ## - MAIN ENTRY--PERSONAL NAME
Personal name আচার্য, পি.
245 ## - TITLE STATEMENT
Title উচ্চ মাধ্যমিক বাংলা প্রবন্ধ বিচিন্তা :
Remainder of title ‘ক’-ভাষা দ্বিতীয় পত্র /
Statement of responsibility, etc পি.আচার্য
260 ## - PUBLICATION, DISTRIBUTION, ETC. (IMPRINT)
Place of publication, distribution, etc কলকাতা :
Name of publisher, distributor, etc বিচিন্তা ভবন,
Date of publication, distribution, etc 1995.
300 ## - PHYSICAL DESCRIPTION
Pagination Verius P. :
Dimensions 22 cm.
650 ## - SUBJECT ADDED ENTRY--TOPICAL TERM
Topical term or geographic name as entry element Bengali Language
942 ## - ADDED ENTRY ELEMENTS (KOHA)
Source of classification or shelving scheme Dewey Decimal Classification
Koha item type Books
Holdings
Source of classification or shelving scheme Damaged status Not for loan Home library Current library Shelving location Date of accession Cost, normal purchase price Total Checkouts Full call number Barcode Date last seen Copy number Koha item type
Dewey Decimal Classification     JCC Rouf Library JCC Rouf Library General Stacks 03/08/2018 100.00   491.444 ACH 1995 11615 03/08/2018 C-1 Books

JCC Library | Contacts | JCC Home

Last Update on 23 September 2017
Copyright @ 2017-2020 JCC Rouf Library
Rouf Library, Jhenidah Cadet College (JCC), Bangladesh